Marketing White Book : The Recession Proof Marketer (Record no. 10499)
[ view plain ]
| 000 -LEADER | |
|---|---|
| fixed length control field | 00402nam a22001577a 4500 |
| 003 - CONTROL NUMBER IDENTIFIER | |
| control field | OSt |
| 008 - FIXED-LENGTH DATA ELEMENTS--GENERAL INFORMATION | |
| fixed length control field | 210223b ||||| |||| 00| 0 eng d |
| 020 ## - INTERNATIONAL STANDARD BOOK NUMBER | |
| International Standard Book Number | 9788193306451 |
| 082 ## - DEWEY DECIMAL CLASSIFICATION NUMBER | |
| Classification number | 658.8 |
| Item number | BWM |
| 100 ## - MAIN ENTRY--PERSONAL NAME | |
| Personal name | BW Books |
| 245 ## - TITLE STATEMENT | |
| Title | Marketing White Book : The Recession Proof Marketer |
| 260 ## - PUBLICATION, DISTRIBUTION, ETC. (IMPRINT) | |
| Place of publication, distribution, etc | New Delhi |
| Name of publisher, distributor, etc | BW Business World |
| Date of publication, distribution, etc | 2020-21 |
| 300 ## - PHYSICAL DESCRIPTION | |
| Extent | 216 |
| 650 ## - SUBJECT ADDED ENTRY--TOPICAL TERM | |
| Topical term or geographic name as entry element | General Books |
| 942 ## - ADDED ENTRY ELEMENTS (KOHA) | |
| Source of classification or shelving scheme | Dewey Decimal Classification |
| Koha item type | Text Books |
| Withdrawn status | Lost status | Source of classification or shelving scheme | Damaged status | Not for loan | Collection code | Home library | Current library | Date acquired | Source of acquisition | Currency | Cost, normal purchase price | Bill Number | Total Checkouts | Full call number | Acc. no. / Barcode | Date last seen | Actual Cost, discounted price | Bill Date | Koha item type | Public note | Checked out | Date last borrowed |
|---|---|---|---|---|---|---|---|---|---|---|---|---|---|---|---|---|---|---|---|---|---|---|
| Dewey Decimal Classification | GENERAL | PIET C-LIBRARY | PIET C-LIBRARY | 08/02/2021 | Kirti Prakashan | Indian Rup | 499.00 | IN1508 | 658.8 BWM | 32480 | 23/02/2021 | 374.25 | 06/02/2021 | Text Books | Motivational | |||||||
| Dewey Decimal Classification | MBA | PIET C-LIBRARY | PIET C-LIBRARY | 08/02/2021 | Kirti Prakashan | Indian Rup | 499.00 | IN1508 | 2 | 658.8 BWM | 32481 | 13/01/2024 | 374.25 | 06/02/2021 | Text Books | . | 11/07/2024 | 13/01/2024 |